Normal view
MARC view
- Dr. Seemab Latif
Entry Personal Name
001 - CONTROL NUMBER
- control field: 27094
003 - CONTROL NUMBER IDENTIFIER
- control field: NUST
005 - DATE AND TIME OF LATEST TRANSACTION
- control field: 20191218143117.0
008 - FIXED-LENGTH DATA ELEMENTS
- fixed length control field: 191218|| aca||aabn | a|a d
040 ## - CATALOGING SOURCE
- Original cataloging agency: NUST
- Transcribing agency: NUST
100 ## - HEADING--PERSONAL NAME
- Personal name: Dr. Seemab Latif
670 ## - SOURCE DATA FOUND
- Source citation: Work cat.: (NUST): Malik, Tanzeela Younas 27093, Empirical Study to Analyse information Security Awareness of NUST Students /, 2018.
